<?xml version="1.0" encoding="UTF-8"?>
<record
    xmlns:xsi="http://www.w3.org/2001/XMLSchema-instance"
    xsi:schemaLocation="http://www.loc.gov/MARC21/slim http://www.loc.gov/standards/marcxml/schema/MARC21slim.xsd"
    xmlns="http://www.loc.gov/MARC21/slim">

  <leader>03274nam a22003617a 4500</leader>
  <datafield tag="999" ind1=" " ind2=" ">
    <subfield code="c">21800</subfield>
    <subfield code="d">21800</subfield>
  </datafield>
  <controlfield tag="003">AR-CdUCM</controlfield>
  <controlfield tag="008">190425b           ||||| |||| 00| 0 spa d</controlfield>
  <datafield tag="040" ind1=" " ind2=" ">
    <subfield code="a">MUNICIPALIDAD PROVINCIAL DEL CUSCO</subfield>
    <subfield code="c">BIBLIOTECA MUNICIPAL DEL CUSCO</subfield>
  </datafield>
  <datafield tag="082" ind1=" " ind2=" ">
    <subfield code="a">Rev.IAAC/N&#xB0;16/2000</subfield>
  </datafield>
  <datafield tag="110" ind1=" " ind2=" ">
    <subfield code="a">Instituto Americano de Arte del Cuzco</subfield>
    <subfield code="9">43770</subfield>
  </datafield>
  <datafield tag="245" ind1=" " ind2=" ">
    <subfield code="a">Revista del Instituto Americano de Arte /</subfield>
  </datafield>
  <datafield tag="260" ind1=" " ind2=" ">
    <subfield code="a">Cusco :</subfield>
    <subfield code="b">Pantigozo,</subfield>
    <subfield code="c">2000.</subfield>
  </datafield>
  <datafield tag="300" ind1=" " ind2=" ">
    <subfield code="a">249 p&#xE1;ginas. :</subfield>
    <subfield code="b">ilustraciones ;</subfield>
    <subfield code="c">20 cm.</subfield>
  </datafield>
  <datafield tag="440" ind1=" " ind2=" ">
    <subfield code="a">Revista del Instituto Americano de Arte Cuzco.</subfield>
    <subfield code="n">A&#xF1;o [XV, [?] semestre de 2000, N&#xB0;16. Vol.[?]</subfield>
    <subfield code="9">46152</subfield>
  </datafield>
  <datafield tag="505" ind1=" " ind2=" ">
    <subfield code="a">Contenido: El Inca en la colonia. Franklin Pease G.Y. -- Una tergiversaci&#xF3;n sobre el Inca Garcilaso de la Vega. Manuel Jes&#xFA;s Aparicio. -- El Inca Garcilaso y el Cusco. Julio G. Guti&#xE9;rrez Loayza.-- Monta&#xF1;as sagradas Machupicchu en debate. Flores Ochoa. -- Representaciones del Dios Sol en el Tahuantinsuyo. Mar&#xED;a del Carmen Martin Rubio. -- La ciudad del Cusco en la historia. V&#xED;ctor &#xC1;ngeles Vargas. -- Cusco en la historia. Carlos Milla Vidal -- Del folklore Nacional Pukllay Taki. V&#xED;ctor Navarro del Aguilar. -- Tocco Cachi. Miguel H. Milla. -- Respuesta y reversi&#xF3;n vanguardista en la textualidad. Luis E. Valc&#xE1;rcel. Yasmin L&#xF3;pez Lenci. -- La importancia hist&#xF3;rica del entorno de Qoricancha. Jos&#xE9; Carlos Guti&#xE9;rrez. -- Pisaq y las comunidades de Q&#xB4;ello Q&#xB4;ello, Amaru,  Paru Paru y Chawaytire. Juvenal Pacheco Farf&#xE1;n. -- La Geograf&#xED;a  alta ciencia inkaika. Armando Valenzuela Lovon. -- Un levantamiento ind&#xED;gena de car&#xE1;cter psicol&#xF3;gico. Delmira Valencia  Blanco.- - La novela andina en el Cusco. Julio Miranda Bernal. -- Cesar Vallejo. vuelve a la Patria. Luis Nieto Miranda. -- Uriel Garc&#xED;a y Humberto Vidal. dos arquetipos de cusque&#xF1;ismo moderno. Manuel Jes&#xFA;s Aparicio Vega. -- Georgina. Delia Vidal de Milla. -- Jos&#xE9; Marie Arguedas y el Cusco. Rodolfo Zamalloa Loayza. -- Cusco, S&#xED;mbolo especial y orientador de los R&#xED;os profundos. PetraTriales Cruz Leal. -- Cervantes en esencia. Santiago Riop&#xE9;rez y Milla. -- En conmemoraci&#xF3;n del centenario de la inmigraci&#xF3;n Japon&#xE9;s. Daniel Oscar Tagata.--Mi experiencia en el Jap&#xF3;n, una lecci&#xF3;n de vida. Julio Antonio Guti&#xE9;rrez Samanez.-- Procedencia y actual existencia de los gobernantes cusque&#xF1;os o Qosqo inkakuna y su sapiencia o Yachay. Lizardo P&#xE9;rez Aran&#xED;bar. -- Jornadas Andinas de literatura latinoamericana. Jalla..99 Cusco. -- El IAA y la cultura de Am&#xE9;rica. Julio A. Guti&#xE9;rrez Samanez.-- Informe de Gesti&#xF3;n (1996-1999. Julio A. Guti&#xE9;rrez Samanez. -- Actividades institucionales.</subfield>
  </datafield>
  <datafield tag="650" ind1=" " ind2=" ">
    <subfield code="a">Literatura cusque&#xF1;a</subfield>
    <subfield code="9">46110</subfield>
  </datafield>
  <datafield tag="650" ind1=" " ind2=" ">
    <subfield code="a">Poetas cusque&#xF1;os</subfield>
    <subfield code="9">5956</subfield>
  </datafield>
  <datafield tag="650" ind1=" " ind2=" ">
    <subfield code="a">Intelectuales cusque&#xF1;os</subfield>
    <subfield code="9">46142</subfield>
  </datafield>
  <datafield tag="650" ind1=" " ind2=" ">
    <subfield code="a">Arte popular</subfield>
    <subfield code="9">9558</subfield>
  </datafield>
  <datafield tag="650" ind1=" " ind2=" ">
    <subfield code="a">Inkas</subfield>
    <subfield code="9">1899</subfield>
  </datafield>
  <datafield tag="650" ind1=" " ind2=" ">
    <subfield code="a">Inca Garcilaso de la Vega</subfield>
    <subfield code="9">300</subfield>
  </datafield>
  <datafield tag="650" ind1=" " ind2=" ">
    <subfield code="a">Jos&#xE9; Mar&#xED;a Arguedas</subfield>
    <subfield code="9">793</subfield>
  </datafield>
  <datafield tag="650" ind1=" " ind2=" ">
    <subfield code="a">Barrio de San Blas</subfield>
    <subfield code="9">34737</subfield>
  </datafield>
  <datafield tag="650" ind1=" " ind2=" ">
    <subfield code="a">Historia del Cusco</subfield>
    <subfield code="9">1714</subfield>
  </datafield>
  <datafield tag="700" ind1=" " ind2=" ">
    <subfield code="a">Guti&#xE9;rrez Samanez, Julio</subfield>
    <subfield code="9">46146</subfield>
  </datafield>
  <datafield tag="700" ind1=" " ind2=" ">
    <subfield code="a">P&#xE9;rez Aran&#xED;bar, Lizardo</subfield>
    <subfield code="9">5568</subfield>
  </datafield>
  <datafield tag="700" ind1=" " ind2=" ">
    <subfield code="a">Aparicio Vega, Manuel Jes&#xFA;s </subfield>
    <subfield code="9">1304</subfield>
  </datafield>
  <datafield tag="700" ind1=" " ind2=" ">
    <subfield code="a">Valencia Blanco, Delmia</subfield>
    <subfield code="9">46153</subfield>
  </datafield>
  <datafield tag="700" ind1=" " ind2=" ">
    <subfield code="a">Mart&#xED;n Rubio, Mar&#xED;a del Carmen</subfield>
    <subfield code="9">46154</subfield>
  </datafield>
  <datafield tag="700" ind1=" " ind2=" ">
    <subfield code="a">Pease, Franklin</subfield>
    <subfield code="9">3133</subfield>
  </datafield>
  <datafield tag="942" ind1=" " ind2=" ">
    <subfield code="2">ddc</subfield>
    <subfield code="c">PP</subfield>
  </datafield>
  <datafield tag="945" ind1=" " ind2=" ">
    <subfield code="a">rac</subfield>
  </datafield>
  <datafield tag="952" ind1=" " ind2=" ">
    <subfield code="0">0</subfield>
    <subfield code="2">ddc</subfield>
    <subfield code="4">0</subfield>
    <subfield code="7">0</subfield>
    <subfield code="a">HEM</subfield>
    <subfield code="b">HEM</subfield>
    <subfield code="c">CART</subfield>
    <subfield code="d">2021-08-10</subfield>
    <subfield code="g">10.00</subfield>
    <subfield code="o">Rev.IAAC/N&#xB0;16/2000</subfield>
    <subfield code="p">REVC000253</subfield>
    <subfield code="r">2021-08-10</subfield>
    <subfield code="y">PP</subfield>
  </datafield>
  <datafield tag="952" ind1=" " ind2=" ">
    <subfield code="0">0</subfield>
    <subfield code="2">ddc</subfield>
    <subfield code="4">0</subfield>
    <subfield code="7">0</subfield>
    <subfield code="a">HEM</subfield>
    <subfield code="b">HEM</subfield>
    <subfield code="c">CART</subfield>
    <subfield code="d">2021-08-10</subfield>
    <subfield code="g">10.00</subfield>
    <subfield code="o">Rev.IAAC/N&#xB0;16/2000/e.2</subfield>
    <subfield code="p">REVC000254</subfield>
    <subfield code="r">2021-08-10</subfield>
    <subfield code="y">PP</subfield>
  </datafield>
  <datafield tag="952" ind1=" " ind2=" ">
    <subfield code="0">0</subfield>
    <subfield code="2">ddc</subfield>
    <subfield code="4">0</subfield>
    <subfield code="7">0</subfield>
    <subfield code="a">HEM</subfield>
    <subfield code="b">HEM</subfield>
    <subfield code="c">CART</subfield>
    <subfield code="d">2021-08-10</subfield>
    <subfield code="g">10.00</subfield>
    <subfield code="o">Rev.IAAC/N&#xB0;16/2000/e.3</subfield>
    <subfield code="p">REVC000255</subfield>
    <subfield code="r">2021-08-10</subfield>
    <subfield code="y">PP</subfield>
  </datafield>
  <datafield tag="952" ind1=" " ind2=" ">
    <subfield code="0">0</subfield>
    <subfield code="2">ddc</subfield>
    <subfield code="4">0</subfield>
    <subfield code="7">0</subfield>
    <subfield code="a">HEM</subfield>
    <subfield code="b">HEM</subfield>
    <subfield code="c">CART</subfield>
    <subfield code="d">2021-08-10</subfield>
    <subfield code="g">10.00</subfield>
    <subfield code="o">Rev.IAAC/N&#xB0;16/2000/e.4</subfield>
    <subfield code="p">REVC000256</subfield>
    <subfield code="r">2021-08-10</subfield>
    <subfield code="y">PP</subfield>
  </datafield>
  <datafield tag="952" ind1=" " ind2=" ">
    <subfield code="0">0</subfield>
    <subfield code="2">ddc</subfield>
    <subfield code="4">0</subfield>
    <subfield code="7">0</subfield>
    <subfield code="a">HEM</subfield>
    <subfield code="b">HEM</subfield>
    <subfield code="c">CART</subfield>
    <subfield code="d">2021-08-10</subfield>
    <subfield code="g">10.00</subfield>
    <subfield code="o">Rev.IAAC/N&#xB0;16/2000/e.5</subfield>
    <subfield code="p">REVC000257</subfield>
    <subfield code="r">2021-08-10</subfield>
    <subfield code="y">PP</subfield>
  </datafield>
  <datafield tag="952" ind1=" " ind2=" ">
    <subfield code="0">0</subfield>
    <subfield code="2">ddc</subfield>
    <subfield code="4">0</subfield>
    <subfield code="7">0</subfield>
    <subfield code="a">HEM</subfield>
    <subfield code="b">HEM</subfield>
    <subfield code="c">CART</subfield>
    <subfield code="d">2021-08-10</subfield>
    <subfield code="g">10.00</subfield>
    <subfield code="o">Rev.IAAC/N&#xB0;16/2000/e.6</subfield>
    <subfield code="p">REVC000258</subfield>
    <subfield code="r">2021-08-10</subfield>
    <subfield code="y">PP</subfield>
  </datafield>
</record>
